[Event "SWE-ch"]
[Site "Gothenburg"]
[Date "2006.07.12"]
[Round "11"]
[White "Cramling, Pia"]
[Black "Berg, Emanuel"]
[Result "0-1"]
[WhiteElo "2521"]
[BlackElo "2589"]
[Annotator "Berg,E"]
[PlyCount "108"]
[EventDate "2006.07.01"]
[EventType "tourn"]
[EventRounds "13"]
[EventCountry "SWE"]
[EventCategory "10"]
[SourceTitle "CBM 113 Extra"]
[Source "ChessBase"]
[SourceDate "2006.09.14"]
[SourceVersion "1"]
[SourceVersionDate "2006.09.14"]
[SourceQuality "1"]

1. d4 Nf6 2. Nf3 e6 3. c4 b6 4. g3 Ba6 5. Nbd2 Bb4 6. Qc2 Bb7 7. Bg2 c5 8. dxc5
Bxc5 9. O-O Be7 {There is no use to wait with this move. Sooner or later ...d6
must be played and then the bishop should not be left at c5.} 10. a3 d6 11. b4
Qc7 {Protecting the bishop on b7 not to allow any tactics for white.} 12. Bb2
Nbd7 13. Rac1 Rc8 14. Qb3 O-O {Black has completed his development and is sson
about to break in the center. Therefore White must do something not to risk
getting a worse position.} 15. Nd4 {White now forces the exchange of the white
squared bishops. This will weaken the White king position but also the black
queenside and especially the square c6 that might come into use after a timely
b4-b5. With this move White also prepares the advance of her f-pawn to gain
space in the center.} Bxg2 16. Kxg2 a6 {A standard move. Black covers the b5
square for the White knight and starts preparing for ...b6-b5.} 17. f4 {
White would like to take control in the center and move the queen over to the
long diagonal h1-a8 before the advancement of b4-b5.} ({But also the direct} 
17. b5 {was possible, i.e.} Nc5 18. Qf3 axb5 19. cxb5 {with an interesting
position. White has the c6 and Black the c5-square. Which one that is
strongest is hard to decide. In my opinion Black should be OK here, though
it's still a lot to play for.}) 17... Rfe8 {Black prepares a counterstrike in
the center before White gets time to complete her plan. The idea is to move
back the bishop to f8 and then play ...e5. Sometimes Black might also play ...
g6 to manouvre the bishop to g7.} 18. Qf3 Bf8 19. b5 {White has made all
necessary preparation and now it's time to take care about the c6-square. The
c5-square is no longer so interesting at least not at first. Black has more
important things to do.} e5 $1 {An old basic rule in chess is that you should
always answer a flank attack with a counter-thrust in the center. Taking that
rule into account it is not very hard to find out that this is the move to
play here. What's comming next is more complicated though.} 20. Nc6 e4 {
In one way an antipositional move. Now the diagonal for the WHite bishop is
opened up once again, but there are other aspects in the position that
shouldn't be turned down. It is a very concret position, where correct
calculation is significant. It is hard to survey the position, but I was still
satisfied having created an unbalanced position with mutual chances.} ({
To open up the position with} 20... exf4 {only helps White. After} 21. gxf4 {
Black has got the e-file, but he is unable to use it as he lacks piece
coordination.}) 21. Qe3 {White temporarily blocks the e-pawn and threatens to
stabilise the position with h3 which would give her the advantage.} Ng4 {
The concrete play continuos. Black has no time to lose as then he would risk
getting a clearly worse position.} 22. Qd4 ({The alternative} 22. Qc3 {leads
to the same after} Nc5 23. h3 e3 24. hxg4 exd2 25. Qxd2) 22... Nc5 {Now ...e3
is threatened followed by a fork on b3 winning an exchange. White cannot play
e3 as then she would loose control of the important d3 square.} 23. h3 e3 $1
24. hxg4 $1 {An interesting exchange sacrifice. White gets a pawn and a
halfopen h-file, but most important of all she has a very strong knight on c6.}
({Black gets a good game after} 24. Nf3 Nf6 25. Qd1 Nfe4 {with astrong
initiative.}) 24... exd2 25. Qxd2 Qd7 $1 {A strong "zwischenzug" that forces
White to weaken her position. Worse is the immediate} ({Now after} 25... Nb3
26. Qd3 Nxc1 27. Rxc1 Qd7 {White can play} 28. Kf3 $1 {with very good
compensation.}) 26. f5 $6 {A misstake that puts White into big trouble. After
this move the white pawns is getting very vulnerable and difficult to protect.
Better was} (26. g5 Nb3 27. Qd3 Nxc1 28. Rxc1 {with compensation for the
exchange.}) ({Another very interesting move was the seemingly risky} 26. Kf3 {
If Black now accepts the exchange sacrifice White has got excellent
compensation. Instead} axb5 {should be played with the idea} 27. cxb5 Qe6 {
making use of the White's vulnerable kings position.}) 26... Nb3 27. Qd3 Nxc1
28. Rxc1 Rxc6 $1 {Giving back the exchange is the best Black can do. Otherwise
he can not makeuse of his rooks anyway, because they are almost stalemated by
the White knigh on c6.} 29. bxc6 Qxc6+ 30. Kf2 $2 {This move looses a pawn by
force. Better was} (30. Kh3 {and at least White keeps the material balance.
However Black can continue the pressure with} Re4 31. g5 ({After} 31. Bd4 $2 d5
$1 {Black has a huge advantage.}) 31... Qe8 32. Bd4 Rxe2 33. Bxb6 f6 $1 34. g6
hxg6 35. fxg6 Qe6+ 36. g4 Re5 $1 {Black has aclear advantage in view of the
naked White king.}) 30... Re4 31. g5 $4 {The loosing mistake. Now the f5-pawn
will be lost and thereby the whole White position is falling apart. White
could no longer hold on to the g4-pawn but a tricky try would be} (31. Bd4 Rxg4
32. Qf3 $1 Re4 (32... Qxf3+ $4 {looses for Black in view of} 33. exf3 Rxd4 34.
Ke3 $1 {and the rook is trapped in the middle of the board.}) 33. Rc3 {Now
there is the threat of Re3 winning a rook.} Qb7 {Prepares for ...Re7 to get
away from the pin.} (33... d5 {just gives back the extrapawn after} 34. cxd5
Qxd5 {After} 35. Bxb6 Qe5 {blacks position is still preferable because of
white's vulnerable king. Anyway it's no bi advantage and Black might be weak
himself on the 8th rank.}) 34. f6 {White takes terrain on the kingside and
also stops the rook manouvre to ..e7.} g6 35. e3 {White is still missing a
pawn, but has good compensation and excellent drawing chances.} ({Now} 35. Re3
{can be met by} d5 {as White no longer threatens the Black queen after cxd5.}))
({On} 31. Qd5 Qe8 {will follow and then} 32. Qd3 Rxg4 {with a clear advantage
to Black.}) 31... Qc5+ {This move my opponent obviously missed in the time
trouble. Now the White king is in check and the f5 pawn will be falling next.}
32. e3 Qxf5+ 33. Kg2 Be7 {Now its time for the defensive bishop to get out and
see some light. After that the g5-pawn has been removed Balck will aslo be
able to get some air for his king by means of ...h6 or ...h5.} 34. Bd4 Bxg5 35.
Bxb6 h5 $1 {An excellent both attacking and defending move. Now there is no
longer any risk for Black to get mated on the 8th rank, but the White king is
i deep trouble.} 36. Qd5 ({The natural} 36. Qxd6 {was perhaps the best chance
for White, but after} Re6 {I don't belive that White will survive much longer.
In any case we were both in time trouble at this stage and then its important
to go forward and not just wait. in the game Black keeps a solid extra pawn
with no counterchances at all for White.}) 36... Qg4 37. Rf1 Bf6 {A good
denfending move, eliminating all Whites chances of counterplay.} 38. Rf4 {
This is forced as ...h4 wasa deadly threat.} Qe2+ 39. Kg1 Qe1+ 40. Kg2 Qe2+ 41.
Kg1 Rxf4 $1 {There are a lot of winning movves for black but this is stright
forward and forces the win in a instructive way.} 42. exf4 (42. gxf4 {is not
much better. Black continues with} Bh4 $1 {and after} 43. Qg2 Qxc4 {Black has
two extra pawns and a wining position. Its important though to answer} 44. Bd4
{with 44...f6 and not} g6 $4 {loosing to} 45. Qa8+ {and Black gets mated on h8.
}) 42... h4 {Now the White pawnchain will be broken giving Black two passed
pawns on the kingside that will be decisive.} 43. gxh4 ({På} 43. Bf2 {there
folloiws} hxg3 44. Bxg3 Qe3+ 45. Kg2 Qxa3 {with two extra pawns for Black.
Still White can fight on a bit with} 46. Qa8+ Kh7 47. Qd5 $1 {and Black is
forced to give up his f7-pawn. White has some small chanses and can hope to
get perpetual checks, but after correct play the blakc passed a-pawn will
decide.}) 43... Qg4+ 44. Qg2 Qxf4 45. Qa8+ Kh7 46. Qxa6 {White's last chance
is to create a passed pawn on the a-file, but at this moment her pieces are
plaed very uncoordinated which black is not late to make use of.} Qg3+ 47. Kf1
Qd3+ $1 {The h-pawn doesn't run anywhere, but the c-pawn will not allways be
so easy to capture.} 48. Kg2 d5 {With help of some tactics Black has now been
able to win the c4-pawn from White. Blacks passes d-pawn will be far more
dangerous than the white a pawn. Moreover Black will have at least one pawn to
the good and the White king is in a shaky position. White is lost.} 49. Qb7
Qg6+ {Protects the f7-pawn and prepares for ...dxc4 depending on White's reply.
} 50. Kf3 {White chooses to play active to answer 50...dxc4 with 51.Qe4 with
queenexchange after which the passed a-pawn suddenly will become very
dangerous.} Qe4+ $1 {The c4-pawn is not runnoing away yet so Black takes the
opportunity to win the h4-pawn by check.} 51. Kg3 Qxh4+ 52. Kf3 ({Equally
hopeless is} 52. Kg2 Qg4+ 53. Kf2 Bh4+ {etc.}) 52... Qh1+ $1 {Now Black forces
white to choose between loosing the c4-pawn with two extra pawns for Black or
to get mated.} 53. Kg3 {White chooses the mate, but} (53. Ke2 {is not much
better after} Qe4+ 54. Kf2 Bh4+ 55. Kg1 Qg6+ 56. Kf1 dxc4 {and Black wins.})
53... Bh4+ 54. Kg4 f5+ {White resigned. After 55.Kxf5 there will follow Qe4#}
0-1

[Event "Biel MTO op 49th"]
[Site "Biel"]
[Date "2016.08.02"]
[Round "8"]
[White "Jumabayev, Rinat"]
[Black "Shankland, Samuel L"]
[Result "0-1"]
[WhiteElo "2613"]
[BlackElo "2661"]
[Annotator "Besenthal,K"]
[PlyCount "126"]
[EventDate "2016.07.25"]
[EventType "swiss"]
[EventRounds "9"]
[EventCountry "SUI"]
[SourceTitle "CBM 173 Extra"]
[Source "ChessBase"]
[SourceDate "2016.08.29"]
[SourceVersion "1"]
[SourceVersionDate "2016.08.29"]
[SourceQuality "1"]

1. d4 d5 2. c4 e6 3. Nf3 Nf6 4. g3 Bb4+ 5. Bd2 Be7 6. Bg2 O-O 7. O-O c6 8. Qc2
Nbd7 9. Rd1 b6 10. b3 Ba6 {Diagramm [#] Ein wenig ahnt man hier bereits, dass
der Punkt e2 später eine Rolle spielen wird.} 11. Bc3 Rc8 12. Nbd2 c5 13. dxc5
Bxc5 14. Qb2 Re8 15. cxd5 {Letztlich ist es Jumabayev, der die großen
taktischen Verwicklungen auslöst.} Bxe2 16. dxe6 Bxd1 {Diagramm [#] Eine
extrem komplizierte taktische Gemengelage.} 17. exf7+ {Die pragmatische
Lösung. Weiß kommt damit sogar leicht in Vorteil, doch materiell bleibt er
um ungefähr eine Bauerneinheit im Hintertreffen. Da ist es nicht ohne Ironie,
dass genau dieser Bauer dem Anziehenden am Ende fehlen wird.} ({Die
Konsequenzen von} 17. exd7 Qxd7 {bewerten die Computer am Ende als ungefähr
ausgeglichen, doch in sämtlichen Varianten muss sich Weiß massiver Drohungen
erwehren - verständlich, dass er sich das in einer praktischen Partie nicht
antun wollte!} 18. Rxd1 Bxf2+ 19. Kxf2 (19. Kh1 Ne4 20. Ne5 (20. Bxg7 $2 Be3)
20... Nxg3+ 21. hxg3 Rxe5 22. Bxe5 Qg4) 19... Qd3 20. Kg1 Rxc3 21. Bf1 Qe3+)
17... Kxf7 18. Rxd1 Ng4 19. Nd4 Ndf6 20. b4 Bxd4 21. Bxd4 {Diagramm [#] In
dieser Stellung hat Weiß trotz des geringen materiellen Nachteils leichten
Vorteil. Das Läuferpaar ist in der offenen Stellung natürlich äußerst
gefährlich.} Qd6 $6 {Eine Ungenauigkeit. Wie man gleich sieht, steht die Dame
hier gleich aus mehreren Gründen gefährdet.} (21... Qc7 $1) 22. Nf3 Ne4 $2 {
Diagramm [#] Jetzt steht Weiß gar auf Gewinn - und verliert am Ende doch!} 23.
Bh3 $2 (23. Qb3+ $1 Qe6 (23... Kf8 24. Bxg7+) (23... Re6 24. Bb2 Qc7 25. Nd4)
24. Ng5+ Nxg5 25. Bd5) 23... h5 {Jetzt geht es Schwarz schon wieder besser.}
24. Qb3+ Qe6 25. Ne5+ Kf8 26. Qf3+ Nef6 27. Nd7+ Kf7 28. Nxf6 gxf6 29. Qf4 Rc2
30. Bf1 Rd8 {Diagramm [#]} 31. h3 $2 (31. Qf3 {deckt den Td1.}) 31... Nxf2 {
Dieser Einschlag bringt Schwarz auf die Siegesstraße.} 32. Ra1 Rxd4 (32... Ne4
{war stärker.}) 33. Qxd4 Nxh3+ 34. Bxh3 Qxh3 35. Qd5+ Kg7 36. Qb7+ Kh6 {
Diagramm [#] Der Pulverdampf hat sich verzogen - Shankland fährt den Punkt
jetzt sicher nach Hause.} 37. Qf3 Qe6 38. b5 Qe5 39. Rf1 Rxa2 40. Qxf6+ Qxf6
41. Rxf6+ Kg5 42. Rf4 Rb2 43. Ra4 Rxb5 44. Rxa7 Kg4 45. Rg7+ Kf3 46. Rg6 Rb2
47. Rg5 b5 48. Rxh5 b4 49. Rb5 b3 50. Rb8 Kxg3 51. Kf1 Kf3 52. Ke1 Ke3 53. Re8+
Kd3 54. Rd8+ Kc2 55. Rc8+ Kb1 56. Rb8 Kc1 57. Rb7 Rb1 58. Rh7 Kc2+ 59. Ke2 Rg1
60. Rc7+ Kb1 61. Rd7 b2 62. Kd2 Rg5 63. Rh7 Ra5 0-1

[Event "Herzliya"]
[Site "Herzliya"]
[Date "1993.??.??"]
[Round "4"]
[White "Boensch, Uwe"]
[Black "Csom, Istvan"]
[Result "1-0"]
[WhiteElo "2525"]
[BlackElo "2475"]
[Annotator "Boensch,U"]
[PlyCount "45"]
[EventDate "1993.11.??"]
[EventType "tourn"]
[EventRounds "11"]
[EventCountry "ISR"]
[EventCategory "10"]
[SourceTitle "CBM 039"]
[Source "ChessBase"]
[SourceDate "1994.04.01"]
[SourceVersion "1"]
[SourceVersionDate "1994.04.01"]
[SourceQuality "1"]

1. d4 Nf6 2. c4 e6 3. Nf3 b6 4. g3 Ba6 5. Nbd2 Bb7 6. Bg2 c5 7. e4 cxd4 (7...
Nxe4 $2 8. Ne5 Nc3 9. Qh5 g6 10. Qh3 $1 $18) 8. e5 Ng4 (8... Ne4 9. O-O Nxd2
10. Bxd2 Bxf3 11. Qxf3 Nc6 12. Qxc6 dxc6 13. Bxc6+ Qd7 14. Bxd7+ Kxd7 $10 {
Salov,V-Karpov,An/Wijk aan Zee/1993/}) 9. O-O Nc6 $2 (9... Qc7 10. Re1 h5 (
10... Nc6 11. h3 Nh6 12. Ne4 Ng8 13. Bf4 Qc8 14. Rc1 $16 {Oll,L-Sokolov,I/Wijk/
1993/}) 11. h3 Nh6 12. Nxd4 Bxg2 13. Kxg2 Nc6 14. N2f3 $14) 10. h3 Nh6 11. Ne4
d5 (11... Nf5 $6 12. g4 Nh4 13. Nxh4 Qxh4 14. Bg5 $18) 12. exd6 Nf5 13. c5 $1
h5 (13... bxc5 14. Nxc5 Qb6 15. Nxb7 Qxb7 16. Ne5 $18) 14. b4 b5 (14... Nxb4
15. Qa4+ Bc6 (15... Nc6 16. Ne5 Rc8 17. d7+ $18) 16. Qxb4 Bxe4 17. Qb5+ Qd7 18.
Qxd7+ Kxd7 19. Ne5+ Ke8 20. Bxe4 $18) 15. Bg5 f6 (15... Qc8 16. a4 $1) 16. Qb3
Kf7 (16... fxg5 17. Qxe6+ Nfe7 18. Nfxg5 $18) 17. Rfe1 Qd7 18. Bd2 Re8 19. a4
bxa4 (19... a6 20. axb5 axb5 21. Bf1 Nd8 22. Ra7 Kg8 23. Bd3 $16) 20. Rxa4 a6
21. Bf1 Nb8 22. Neg5+ $1 Kg6 (22... fxg5 23. Ne5+) 23. Bd3 (23. Bd3 Bd5 24.
Nh4+ Kh6 25. Nxe6+ $18) 1-0

[Event "ROM-chT"]
[Site "Herculane"]
[Date "1996.??.??"]
[Round "?"]
[White "Marasescu, Ioan"]
[Black "Ionescu, Constantin"]
[Result "1/2-1/2"]
[WhiteElo "2335"]
[BlackElo "2520"]
[Annotator "Bulletin"]
[PlyCount "76"]
[EventDate "1996.??.??"]
[EventType "team"]
[EventRounds "5"]
[EventCountry "ROU"]
[SourceTitle "CBM 056 Extra"]
[Source "ChessBase"]
[SourceDate "1997.03.01"]
[SourceVersion "1"]
[SourceVersionDate "1997.03.01"]
[SourceQuality "1"]

1. d4 Nf6 2. Nf3 e6 3. c4 b6 4. g3 Ba6 5. b3 Bb7 6. Bg2 Bb4+ 7. Bd2 a5 8. Nc3
O-O 9. O-O d6 10. Qc2 Nbd7 11. Ne1 Bxg2 12. Nxg2 c6 13. Nb1 Bxd2 14. Nxd2 e5
15. dxe5 dxe5 16. Rfd1 Qe7 17. Ne4 Nc5 18. Nxc5 Qxc5 19. Ne3 g6 20. Qb2 Rfd8
21. Rxd8+ Rxd8 22. Rd1 Rxd1+ 23. Nxd1 Ne4 24. Kg2 b5 (24... Qd4 $142 $17) 25.
f3 Nd6 26. cxb5 cxb5 27. Qd2 b4 28. Ne3 f5 29. Qd5+ Qxd5 30. Nxd5 Kf7 31. Kf2
Ke6 32. Nb6 f4 33. gxf4 exf4 34. e3 Ke5 35. Ke2 fxe3 36. Kxe3 g5 37. Nd7+ Kf5
38. Nb8 Nb5 1/2-1/2

[Event "Oberliga Bayern 9495"]
[Site "Bayern"]
[Date "1994.??.??"]
[Round "?.3"]
[White "Tischer, Guenter"]
[Black "Menacher, Manfred"]
[Result "1-0"]
[WhiteElo "2330"]
[BlackElo "2320"]
[Annotator "Bulletin"]
[PlyCount "47"]
[EventDate "1994.10.09"]
[EventType "team-tourn"]
[EventRounds "9"]
[EventCountry "GER"]
[SourceTitle "EXT 1999"]
[Source "ChessBase"]
[SourceDate "1998.11.16"]
[SourceVersion "1"]
[SourceVersionDate "1998.11.16"]
[SourceQuality "1"]
[WhiteTeam "Nuernberg SC NT 1873"]
[BlackTeam "Regensburg DJK"]
[WhiteTeamCountry "GER"]
[BlackTeamCountry "GER"]

1. d4 Nf6 2. c4 e6 3. Nf3 b6 4. g3 Ba6 5. b3 d5 6. Bg2 c5 7. cxd5 exd5 8. O-O
Nc6 9. Nc3 Rc8 10. Bg5 Be7 11. Rc1 Ne4 12. Bxe7 Nxe7 13. dxc5 Nxc3 14. Rxc3
bxc5 15. b4 Bc4 16. Qa4+ Kf8 17. bxc5 Rxc5 18. Rb1 Qc7 19. Nd4 $16 g6 20. Qb4
Kg7 21. Qb2 Kh6 22. g4 $1 g5 23. Rh3+ Kg6 24. Rh6+ (24. Rh6+ Kxh6 25. Nf5+ Nxf5
26. Qf6#) 1-0

[Event "Hoogovens"]
[Site "Wijk aan Zee"]
[Date "1984.01.14"]
[Round "2"]
[White "Torre, Eugenio"]
[Black "Adorjan, Andras"]
[Result "1/2-1/2"]
[WhiteElo "2565"]
[BlackElo "2570"]
[Annotator "Bulletin"]
[PlyCount "42"]
[EventDate "1984.01.13"]
[EventType "tourn"]
[EventRounds "13"]
[EventCountry "NED"]
[EventCategory "13"]
[SourceTitle "MCL"]
[Source "ChessBase"]
[SourceDate "1999.07.01"]
[SourceVersion "1"]
[SourceVersionDate "1999.07.01"]
[SourceQuality "1"]

1. d4 Nf6 2. c4 e6 3. Nf3 b6 4. g3 Ba6 5. b3 Bb4+ 6. Bd2 Be7 7. Bg2 c6 8. Bc3
d5 9. Ne5 O-O 10. O-O Bb7 11. Nd2 Na6 12. e4 c5 13. exd5 exd5 14. Re1 $1 cxd4 (
14... Re8 15. cxd5 (15. Nf1 $5 {Torre}) 15... Bxd5 (15... Nxd5 $2 16. Qh5 $1)
16. Nc6 Qc7 17. Nxe7+ Rxe7 18. dxc5 Bxg2 19. Kxg2 Rxe1 20. Qxe1 Nxc5 21. Bxf6
Qc6+ $10) 15. Bxd4 Nc5 16. Ng4 dxc4 $1 17. Nxf6+ (17. Bxc5 Bxc5 18. Bxb7 (18.
Nxf6+ $2 Qxf6 19. Bxb7 Bxf2+ 20. Kg2 Bxe1 21. Qxe1 Rae8 $19) 18... Nxg4 19. Ne4
$1 Qxd1 20. Raxd1 Rab8 21. Nxc5 bxc5 22. Bf3 h5 $1 23. h3 Nf6 24. bxc4 Rb2 25.
Re5 $10) (17. Bxb7 Qxd4 $1 18. Nxc4 (18. Bxa8 $2 Nxg4) 18... Qxd1 19. Raxd1
Rad8 $1 $10) (17. Nxc4 Bxg2 18. Kxg2 (18. Rxe7 $2 Qxe7 19. Nxf6+ gxf6 20. Qg4+
Kh8 21. Qh4 Nd7 22. Kxg2 Rg8 $19) 18... Nxg4 19. Qxg4 Bf6 $10) (17. Rxe7 $5
Qxd4 (17... Qxe7 $2 18. Nxf6+ gxf6 19. Qg4+ Kh8 20. Qh4 $18) 18. Nxc4 (18.
Nxf6+ Qxf6 19. Rxb7 Nxb7 20. Bxb7 Rad8 $19) 18... Qxg4 19. Qxg4 Nxg4 20. Bxb7
Nxb7 21. Rxb7 Rfb8 $10) 17... Bxf6 18. Bxc5 (18. Bxf6 Qxf6 19. Bxb7 Rad8 $1)
18... bxc5 (18... Bxa1 $4 19. Bxf8 Bxg2 20. Be7 $1 Qd5 21. bxc4 $18) 19. Bxb7
Bxa1 20. Bxa8 Bc3 21. bxc4 Bxd2 1/2-1/2

[Event "Hoogovens"]
[Site "Wijk aan Zee"]
[Date "1984.01.14"]
[Round "2"]
[White "Nikolic, Predrag"]
[Black "Tukmakov, Vladimir B"]
[Result "1-0"]
[WhiteElo "2570"]
[BlackElo "2550"]
[Annotator "Bulletin"]
[PlyCount "77"]
[EventDate "1984.01.13"]
[EventType "tourn"]
[EventRounds "13"]
[EventCountry "NED"]
[EventCategory "13"]
[SourceTitle "MCL"]
[Source "ChessBase"]
[SourceDate "1999.07.01"]
[SourceVersion "1"]
[SourceVersionDate "1999.07.01"]
[SourceQuality "1"]

1. d4 Nf6 2. c4 e6 3. Nf3 b6 4. g3 Ba6 5. b3 Bb4+ 6. Bd2 Be7 7. Nc3 c6 8. e4 d5
9. e5 (9. Qe2 $5) 9... Ne4 10. Bd3 Nxc3 11. Bxc3 c5 12. O-O Bb7 $1 13. Re1 dxc4
14. bxc4 $5 (14. Bxc4 O-O $10) 14... O-O (14... Nd7 15. Be4 (15. d5 $5) 15...
Bxe4 16. Rxe4 cxd4 17. Rxd4) 15. Be4 (15. Qe2 cxd4 16. Nxd4 Nd7 17. Rad1 Nc5
18. Bc2 Qc8 $13) 15... Bxe4 16. Rxe4 cxd4 17. Nxd4 {/\ Nb5-d6} Na6 (17... Qd7 {
/\ Nc6} 18. Rg4 Nc6 $2 19. Rxg7+) 18. Qf3 Nc5 19. Nc6 (19. Rg4 h5 20. Rf4 Bg5)
19... Qc7 20. Rg4 Rfc8 $2 (20... Kh8 $1 $13) 21. Nxe7+ Qxe7 22. Bd2 $1 Kh8 23.
Bg5 Qb7 24. Qf4 Nd7 25. Bh6 $1 Rg8 (25... gxh6 26. Rd1 f5 27. exf6 $18) 26. Rd1
(26. Qxf7 $2 gxh6 27. Rd1 Rxg4 28. Rxd7 Qe4 $10) 26... Raf8 (26... Nf8 27. Rxg7
Rxg7 28. Qf6) 27. Rxg7 $1 Rxg7 28. Bxg7+ Kxg7 29. Qg5+ Kh8 30. Qe7 Qe4 31. Rxd7
Qe1+ (31... Kg8 $142) 32. Kg2 Qe4+ 33. f3 Qc2+ (33... Qe2+ 34. Kh3 Qf1+ 35. Kh4
Qxc4+ 36. Kh5 Kg7 37. Qf6+ Kg8 38. Kh6 $1) 34. Kh3 Qf5+ 35. Kh4 Kg7 (35... Kg8
36. Rd8 Rxd8 37. Qxd8+ Kg7 38. Qg5+ $18) 36. Rd4 $1 Rc8 37. Rf4 Qxe5 38. Rxf7+
Kg8 39. f4 1-0